000 00754nam a22002057a 4500
999 _c13838
_d13838
003 AR-CdUCM
008 190416b ||||| |||| 00| 0 spa d
040 _aMUNICIPALIDAD PROVINCIAL DEL CUSCO
_cBIBLIOTECA MUNICIPAL DEL CUSCO
082 _a574.1 /
_bF86
100 _aFrumento, Antonio S.
_932404
245 _aBiofísica /
260 _aBuenos Aires :
_bIntermédica ;
_c1972.
300 _a635 páginas ;
_c27cm
505 _aContenido: La biofísica y los seres vivos -- Hemodinámica -- Equilibrio fisicoquímico -- Termodinámica -- Termodinámica biológica...
650 _aSeres vivos
_919244
650 _aTermodinámica
_921683
710 _aCentro Regional de Ayuda Técnica
_910048
942 _2ddc
_cLIBROS
945 _anom
_d2019-04-16